|
|
|
|
| LEADER |
00000naa2a2200000 4500 |
| 001 |
386329 |
| 005 |
20231101063451.0 |
| 035 |
|
|
|a (RuTPU)RU\TPU\prd\15001
|
| 090 |
|
|
|a 386329
|
| 100 |
|
|
|a 20030610a2003 k y0rusy50 ca
|
| 101 |
0 |
|
|a rus
|
| 102 |
|
|
|a RU
|
| 200 |
1 |
|
|a Техническая революция - основа технологии реформирования ЖКХ
|f Ю. С. Милейковский
|
| 225 |
1 |
|
|a Тепловодоснабжение
|
| 461 |
|
1 |
|0 (RuTPU)RU\TPU\prd\913
|x 1609-7505
|t Энергосбережение
|o специализированный журнал
|f Ассоциация инженеров по отоплению, вентиляции, кондиционированию воздуха, теплоснабжению и строительной теплофизике (АВОК), ООО ИИП "АВОК-ПРЕСС"
|d 2000-
|
| 463 |
|
1 |
|0 (RuTPU)RU\TPU\prd\11501
|t № 1
|v С. 24
|d 2003
|
| 610 |
1 |
|
|a рефомирование
|
| 610 |
1 |
|
|a жилищно-коммунальное хозяйство
|
| 610 |
1 |
|
|a ЖКХ
|
| 610 |
1 |
|
|a энергоснабжение
|
| 610 |
1 |
|
|a техническое оснащение
|
| 700 |
|
1 |
|a Милейковский
|b Ю. С.
|
| 801 |
|
1 |
|a RU
|b 63413507
|c 20030610
|g PSBO
|
| 801 |
|
2 |
|a RU
|b 63413507
|c 20120417
|g RCR
|
| 942 |
|
|
|c BK
|